Miradas complementarias en la construcción de una universidad saludable desde el modelo de creencias /

Detalles Bibliográficos
Autor principal: Mogollón Canal, Olga Mariela (Autor)
Formato: Electrónico eBook
Lenguaje:español
Publicado: [Pamplona, Colombia] : Sello Editorial Universidad de Pamplona, 2022.
Materias:
Acceso en línea:Digitalia Hispánica

MARC

LEADER 00000nam a2200000 i 4500
001 DIGUPAMP0029
003 NyNyDIG
007 cr |||||||||||
008 240201s2022 ck ob 000 0 spa d
006 m o d
035 |a (OCoLC)1422054721 
040 |a DGITA  |b eng  |e rda  |e pn  |c DGITA 
020 |z 9786289522839 
050 1 4 |a RA777.3 ebook 
100 1 |a Mogollón Canal, Olga Mariela,  |e author. 
245 1 0 |a Miradas complementarias en la construcción de una universidad saludable desde el modelo de creencias /  |c Olga Mariela Mogollón Canal [and 3 others]. 
264 1 |a [Pamplona, Colombia] :  |b Sello Editorial Universidad de Pamplona,  |c 2022. 
300 |a 1 online resource. 
336 |a text  |b txt  |2 rdacontent 
337 |a computer  |b c  |2 rdamedia 
338 |a online resource  |b cr  |2 rdacarrier 
347 |a text file  |2 rdaft 
347 |b PDF 
504 |a Includes bibliographical references. 
588 0 |a Online resource; title from PDF title page (Digitalia, viewed February 1, 2024) 
650 0 |a Health Belief Model. 
650 0 |a Universities and colleges  |x Health promotion services. 
791 2 |a Digitalia (Firm),  |e distributor. 
793 0 |g Digitalia eBook Collection:  |a Universidad de Pamplona 
776 0 8 |i Print version:  |a Mogollón Canal, Olga Mariela.  |t Miradas complementarias en la construcción de una universidad saludable desde el modelo de creencias.  |b Primera edición.  |d [Pamplona, Colombia] : Sello Editorial Universidad de Pamplona, [2022]  |z 9786289522839 
856 4 0 |3 Digitalia Hispánica  |u https://www.digitaliapublishing.com/a/131121/ 
910 |a Premium collection: 2024